U.S. Policy in Central America and Mexico /

में बचाया:
ग्रंथसूची विवरण
निगमित लेखकों: Washington Office on Latin America, comp
स्वरूप: मूलपाठ
प्रकाशित: Washington D.C.: s.e
टैग: टैग जोड़ें
कोई टैग नहीं, इस रिकॉर्ड को टैग करने वाले पहले व्यक्ति बनें!

MARC

LEADER 00000 a a2200000 04500
001 23807
003
040
090 |a 169000  
110 |a Washington Office on Latin America  
245 |a U.S. Policy in Central America and Mexico /  |c Washington Office on Latin America  
260 |a Washington D.C.:   |b s.e  
300 |a pag. cortada  
710 |a comp  
999 |c 4542  |d 4542